000 00572nam a2200205Ia 4500
003 LK-CoDNM
008 010623t2005 xxu||||| |||| 00| 1 Pali d
040 _aLK-CoDNM
_dLK-CoDNM
_eLK-CoDNM
041 _aPali
_asin
080 _a294.3TRI
245 _aඅංගුත්තරනිකාය 5
246 _aAnguttara Nikaya 5
260 _bBuddhist Cultural Centre
_aDehiwala
_c2005
300 _bxxvii,589p, 30 cm
500 _aBuddha Jayanti Tripitaka Series
650 _aAttaka - Nawaka Nipata
650 _aBuddhism
650 _aSutra Pitaka
942 _cBK
999 _c124488
_d124488